Indian English Poetry: (Record no. 204984)

MARC details
000 -LEADER
fixed length control field 00507nam a22001697a 4500
010 ## - LCCN (DPL NO)
LC control number ENG-139446
020 ## - INTERNATIONAL STANDARD BOOK NUMBER
International Standard Book Number 8185753784
Terms of availability 400.00
035 ## - SYSTEM CONTROL NUMBER
System control number EN-122978
037 ## - SOURCE OF ACQUISITION
Source of stock number/acquisition DBAD
082 ## - DEWEY DECIMAL CLASSIFICATION NUMBER
Classification number 881
100 ## - MAIN ENTRY--PERSONAL NAME
Personal name Naik,M.K
245 ## - TITLE STATEMENT
Title Indian English Poetry:
Remainder of title From the beginnings upto 2000/
Statement of responsibility, etc By M.K. Naik
260 ## - PUBLICATION, DISTRIBUTION, ETC. (IMPRINT)
Place of publication, distribution, etc New Delhi
Name of publisher, distributor, etc Pencraft International
Date of publication, distribution, etc 2009
270 ## - ADDRESS
Address B-1/141, Ashok Vihar II,
City New Delhi
Postal code 110052
300 ## - PHYSICAL DESCRIPTION
Extent 180p.
Dimensions 22cm(Hb)
942 ## - ADDED ENTRY ELEMENTS (KOHA)
Source of classification or shelving scheme Dewey Decimal Classification
Item type English Books
Classification part 881
Call number suffix NAI
Holdings
Withdrawn status Lost status Not for loan Collection code Home library Current library Date acquired Source of acquisition Cost, normal purchase price Full call number Barcode Copy number Cost, replacement price Koha item type
      Non-fiction Patel Nagar Patel Nagar 09/08/2024 DBAD 400.00 881 NAI EN-122978 1 400.00 English Books

© Delhi Public Library
Hit Counter
free hit counter